Napjaink ünnepkultúrája nemzeti és kalendáris ünnepeink emlékező rítusai /

A hagyományos rituális év, amelyet évszázadokon keresztül egyfelől a keresztény ünnepek határoztak meg, másfelől pedig az egyéni, a családi és a helyi közösségi ünnepek, 1945 és 1956 között, a szocialista/kommunista évek alatt gyors változásoknak esett áldozatul. Az új ideológiának és hatalmi körülm...

Teljes leírás

Elmentve itt :
Bibliográfiai részletek
Szerző: Barna Gábor
Dokumentumtípus: Könyv része
Megjelent: 2011
Sorozat:Szegedi vallási néprajzi könyvtár 27
Vallások, határok, kölcsönhatások = Religions, borders, interferences 27
Kulcsszavak:Népi vallásosság, Ünnep, Ünnepi szokások, Kereszténység, Szocializmus, Néprajz - vallásos - magyar - Kárpát-medence
Tárgyszavak:
Online Access:http://acta.bibl.u-szeged.hu/70432
LEADER 02520naa a2200277 i 4500
001 acta70432
005 20220204101017.0
008 200923s2011 hu o 0|| hun d
020 |a 978 963 059 074 7 
022 |a 1419-1288 
040 |a SZTE Egyetemi Kiadványok Repozitórium  |b hun 
041 |a hun 
041 |a eng 
100 1 |a Barna Gábor 
245 1 0 |a Napjaink ünnepkultúrája   |h [elektronikus dokumentum] :  |b nemzeti és kalendáris ünnepeink emlékező rítusai /  |c  Barna Gábor 
260 |c 2011 
300 |a 19-25 
490 0 |a Szegedi vallási néprajzi könyvtár  |v 27 
490 0 |a Vallások, határok, kölcsönhatások = Religions, borders, interferences  |v 27 
520 3 |a A hagyományos rituális év, amelyet évszázadokon keresztül egyfelől a keresztény ünnepek határoztak meg, másfelől pedig az egyéni, a családi és a helyi közösségi ünnepek, 1945 és 1956 között, a szocialista/kommunista évek alatt gyors változásoknak esett áldozatul. Az új ideológiának és hatalmi körülményeknek megfelelően egy teljesen új szerkezetű rituális évet hoztak létre, amelyet szocialista rituális évnek neveztek. Ezen már az 1956-os forradalom után bevezettek bizonyos változtatásokat. A keresztény ünnepek egy részét (karácsony, húsvét) ismét elismerték. A szocialista periódus a maga szocialista ünnepeivel mindazonáltal 45 évig tartott, amikor az 1989/1990-es politikai változások ebben is változásokat hoztak. Az 1990-es első szabad parlamenti választások után az első demokratikus parlament és kormány részben helyreállította Magyarországon a hagyományos keresztény rituális évet. A karácsony azonban teljesen kommercializálódott. A nagyon erősen szekularizálódott társadalom ismét elfogadta a pünkösdöt és néhány Mária-ünnepet. Új nemzeti ünnepek keletkeztek, mindenekelőtt az 1956-os forradalom ünnepe, amely a korábbi szocialista időszakban alternatív ünnep volt. A korábban meghatározó keresztény szemlélet mellett a pluralista társadalomban számos más világlátás is megjelent a maga ünnepeivel. 
650 4 |a Társadalomtudományok 
650 4 |a Szociológia 
650 4 |a Bölcsészettudományok 
650 4 |a Filozófia, etika és vallástudományok 
695 |a Népi vallásosság, Ünnep, Ünnepi szokások, Kereszténység, Szocializmus, Néprajz - vallásos - magyar - Kárpát-medence 
856 4 0 |u http://acta.bibl.u-szeged.hu/70432/1/szegedi_vallasi_027_019-025.pdf  |z Dokumentum-elérés